[Event "First Saturday 2009 september IM-A"]
[Site "Budapest"]
[Date "2009.09.05"]
[Round "1"]
[White "Lyell, Mark"]
[Black "Moskovic, David M"]
[Result "0-1"]
[WhiteElo "2217"]
[BlackElo "2307"]
[PlyCount "80"]
[EventDate "2009.09.05"]

1. e4 c5 2. Nc3 a6 3. g3 b5 4. Bg2 Bb7 5. d3 e6 6. Nh3 b4 7. Ne2 d5 8. O-O dxe4
9. dxe4 Qxd1 10. Rxd1 Nf6 11. f3 Nc6 12. Be3 Ne5 13. b3 Be7 14. Nf2 a5 15. Nd3
Nxd3 16. Rxd3 O-O 17. c4 Rfd8 18. Rad1 Rxd3 19. Rxd3 e5 20. g4 h6 21. Ng3 Bc8
22. Nf5 Bxf5 23. gxf5 a4 24. Bh3 axb3 25. axb3 Ra1+ 26. Bf1 Rb1 27. Kf2 Nh5 28.
Be2 Bh4+ 29. Kg2 Bg5 30. f4 Nxf4+ 31. Bxf4 Bxf4 32. h3 Rb2 33. Kf3 Kf8 34. Bd1
Rh2 35. Kg4 g6 36. fxg6 fxg6 37. Bf3 h5+ 38. Kh4 Rf2 39. Bd1 Kg7 40. Rd8 Rg2
0-1

[Event "First Saturday 2009 september IM-A"]
[Site "Budapest"]
[Date "2009.09.05"]
[Round "1"]
[White "Gruenhagen, Marc"]
[Black "Farago, Sandor"]
[Result "0-1"]
[WhiteElo "2113"]
[BlackElo "2236"]
[PlyCount "74"]
[EventDate "2009.09.05"]

1. d4 Nf6 2. c4 g6 3. Nc3 c5 4. d5 Bg7 5. Nf3 a6 6. a4 O-O 7. Bf4 d6 8. h3 Qa5
9. Qd2 b5 10. cxb5 axb5 11. Nxb5 Nxd5 12. Qxa5 Rxa5 13. Bd2 Nb4 14. Bxb4 cxb4
15. Nfd4 Bd7 16. e3 Rc8 17. Kd2 Nc6 18. b3 Nxd4 19. Nxd4 Rc3 20. Bb5 Bxd4 21.
Bxd7 Bf6 22. Rab1 Rd5+ 23. Ke2 Rc2+ 24. Kf3 Rc7 25. Bb5 Rf5+ 26. Kg3 Rc3 27. f3
Rxe3 28. Rhe1 Be5+ 29. Kf2 Rc3 30. Re2 Bd4+ 31. Kf1 e6 32. Bc4 Rc5 33. Ke1 d5
34. Bb5 Be3 35. Kf1 e5 36. g3 h5 37. Rbe1 Bd4 0-1

[Event "First Saturday 2009 september IM-A"]
[Site "Budapest"]
[Date "2009.09.05"]
[Round "1"]
[White "Lengyel, Bela"]
[Black "Feher, Adam"]
[Result "1-0"]
[WhiteElo "2251"]
[BlackElo "2224"]
[PlyCount "71"]
[EventDate "2009.09.05"]

1. e4 c6 2. d4 d5 3. Nc3 dxe4 4. Nxe4 Bf5 5. Ng3 Bg6 6. h4 h6 7. Bc4 e6 8. N1e2
Bd6 9. Bf4 Nf6 10. Qd2 Nd5 11. Bxd6 Qxd6 12. Bb3 Nd7 13. h5 Bh7 14. c4 N5f6 15.
Bc2 Bxc2 16. Qxc2 O-O 17. O-O-O Rad8 18. Kb1 b5 19. c5 Qc7 20. Nc3 e5 21. Nce4
Nd5 22. Nf5 exd4 23. Ned6 d3 24. Rxd3 N7f6 25. Rg3 Rxd6 26. cxd6 Qd7 27. Rxg7+
Kh8 28. g4 Qe6 29. f3 Nb4 30. Qb3 Qxb3 31. axb3 Ne8 32. Rg6 fxg6 33. hxg6 Nd5
34. Rxh6+ Kg8 35. Rh7 Nef6 36. Nh6# 1-0

[Event "First Saturday 2009 september IM-A"]
[Site "Budapest"]
[Date "2009.09.05"]
[Round "1"]
[White "Nguyen, Thi Mai Hung"]
[Black "Turzo, Attila"]
[Result "0-1"]
[WhiteElo "2213"]
[BlackElo "2314"]
[PlyCount "106"]
[EventDate "2009.09.05"]

1. d4 d5 2. c4 c6 3. Nf3 Nf6 4. e3 Bf5 5. Nh4 Bxb1 6. Rxb1 e6 7. a3 Nbd7 8. Nf3
Bd6 9. Bd3 Qe7 10. O-O O-O 11. b4 a6 12. c5 Bc7 13. Bb2 e5 14. dxe5 Nxe5 15.
Nxe5 Bxe5 16. Bd4 g6 17. h3 Rfe8 18. a4 Nd7 19. Qc2 Bxd4 20. exd4 Qf6 21. Qc3
Nf8 22. Rfd1 Ne6 23. Bf1 Ng5 24. Bd3 Ne4 25. Qb2 Kg7 26. Rbc1 Ng5 27. Ra1 Ne6
28. Bf1 Kg8 29. Qc3 Nf4 30. Ra2 Re4 31. g3 Ne6 32. Rad2 Ng5 33. Bg2 Re7 34. Qd3
Rae8 35. h4 Re1+ 36. Kh2 Rxd1 37. Rxd1 Ne4 38. Bxe4 Qxf2+ 39. Kh3 Rxe4 40. Rd2
Qe1 41. Rd1 Qxb4 42. a5 Qxa5 43. Rb1 Qc7 44. Rb6 Qe7 45. Kg2 Re2+ 46. Kf3 Re4
47. Kg2 Re3 48. Rxb7 Qe6 49. Qd1 Qe4+ 50. Kf2 Rd3 51. Qe2 Qxd4+ 52. Kf1 Rd1+
53. Kg2 Rd2 0-1

[Event "First Saturday 2009 september IM-A"]
[Site "Budapest"]
[Date "2009.09.06"]
[Round "2"]
[White "Dencsi, Tibor"]
[Black "Nguyen, Thi Mai Hung"]
[Result "1-0"]
[WhiteElo "2338"]
[BlackElo "2213"]
[PlyCount "63"]
[EventDate "2009.09.05"]

1. e4 c5 2. Ne2 d6 3. g3 Nc6 4. Bg2 g6 5. O-O Bg7 6. c3 e5 7. d3 Nf6 8. Nd2 O-O
9. h3 Rb8 10. f4 b5 11. f5 h6 12. g4 Bb7 13. Ng3 d5 14. exd5 Nxd5 15. Nde4 Nf4
16. Bxf4 exf4 17. Rxf4 Be5 18. Rf2 Qb6 19. Qd2 Kg7 20. Raf1 Bxg3 21. Nxg3 Qc7
22. Ne4 Ne5 23. fxg6 Nxg6 24. Rf6 Bxe4 25. Bxe4 Rb6 26. Qf2 Kg8 27. Kg2 Rxf6
28. Qxf6 Ne5 29. Qxh6 Re8 30. Rf2 Re6 31. Qh7+ Kf8 32. Bd5 1-0

[Event "First Saturday 2009 september IM-A"]
[Site "Budapest"]
[Date "2009.09.06"]
[Round "2"]
[White "Feher, Adam"]
[Black "Stoenescu, Radu"]
[Result "1-0"]
[WhiteElo "2224"]
[BlackElo "2175"]
[PlyCount "91"]
[EventDate "2009.09.05"]

1. e4 c5 2. Nf3 d6 3. d4 cxd4 4. Nxd4 Nf6 5. Nc3 a6 6. Bg5 e6 7. f4 Nc6 8. e5
h6 9. Bh4 dxe5 10. Nxc6 Qxd1+ 11. Rxd1 bxc6 12. fxe5 Nd7 13. Ne4 g5 14. Bg3 Bg7
15. Nd6+ Ke7 16. Nc4 a5 17. Be2 h5 18. h4 g4 19. O-O Bh6 20. Be1 Ba6 21. Rxd7+
Kxd7 22. Rxf7+ Kc8 23. Nb6+ Kb8 24. Nxa8 Bxe2 25. Kf2 Bc4 26. Nb6 Bxa2 27. Bxa5
g3+ 28. Kxg3 Rg8+ 29. Kf2 Rg4 30. g3 Re4 31. Nd7+ Kc8 32. Nb6+ Kb8 33. Rh7 Be3+
34. Kf3 Bxb6 35. Kxe4 Bd5+ 36. Kd3 Bxa5 37. Rxh5 Bd8 38. Rh8 Kc7 39. h5 Bf3 40.
h6 Bg4 41. h7 Bf5+ 42. Kc3 Be4 43. Rxd8 Bxh7 44. Rf8 Be4 45. g4 Kd7 46. g5 1-0

[Event "First Saturday 2009 september IM-A"]
[Site "Budapest"]
[Date "2009.09.06"]
[Round "2"]
[White "Vegh, Endre"]
[Black "Lyell, Mark"]
[Result "0-1"]
[WhiteElo "2296"]
[BlackElo "2217"]
[PlyCount "86"]
[EventDate "2009.09.05"]

1. d4 d5 2. c4 e5 3. dxe5 d4 4. Nf3 Nc6 5. g3 Nge7 6. Bg2 Ng6 7. Bg5 Qd7 8. e6
fxe6 9. O-O e5 10. Nbd2 h6 11. Bh4 Qf5 12. Nb3 a5 13. e4 Qf7 14. Rc1 a4 15.
Nbd2 a3 16. b3 Bb4 17. h3 O-O 18. g4 Nf4 19. Bg3 Bc3 20. Nb1 Bb2 21. Rc2 Nxh3+
22. Bxh3 Qxf3 23. Qxf3 Rxf3 24. Nd2 Rf7 25. Rb1 h5 26. f3 d3 27. Rcxb2 axb2 28.
Rxb2 Nd4 29. Kg2 Ne6 30. Bxe5 Ng5 31. Bg3 Bd7 32. Bh4 Nxh3 33. Kxh3 Raf8 34.
Bg3 hxg4+ 35. fxg4 Bc6 36. b4 Re8 37. Rb3 Bxe4 38. Nxe4 Rxe4 39. Rxd3 Rxc4 40.
a3 Kh7 41. Re3 Rd7 42. Rf3 Rdd4 43. Rf5 Rd3 0-1

[Event "First Saturday 2009 september IM-A"]
[Site "Budapest"]
[Date "2009.09.06"]
[Round "2"]
[White "Lorand, Norbert"]
[Black "Erdei, Andras"]
[Result "1-0"]
[WhiteElo "2339"]
[BlackElo "2132"]
[PlyCount "85"]
[EventDate "2009.09.05"]

1. e4 c5 2. Nf3 Nc6 3. d4 cxd4 4. Nxd4 Nf6 5. Nc3 e6 6. Ndb5 Bb4 7. a3 Bxc3+ 8.
Nxc3 d5 9. exd5 exd5 10. Bd3 O-O 11. O-O d4 12. Ne2 Bg4 13. f3 Bh5 14. Bg5 Qd6
15. Qd2 Nd5 16. Bh4 Rfe8 17. Bf2 Rad8 18. Rfe1 Ne3 19. b3 Bg6 20. Bg3 Qf6 21.
Nf4 Bxd3 22. Nxd3 h5 23. h3 g5 24. Re2 Qg7 25. h4 Nf5 26. Rxe8+ Rxe8 27. Re1
Rxe1+ 28. Qxe1 Nxg3 29. Qxg3 f6 30. Nc5 g4 31. Ne4 Ne5 32. fxg4 hxg4 33. Qf4
Nd7 34. Nd6 Qg6 35. Nf5 Kh7 36. Qe4 Ne5 37. Qxb7+ Kh8 38. Qb8+ Qg8 39. Qxg8+
Kxg8 40. Nxd4 g3 41. c4 Ng6 42. Nf5 Kf7 43. h5 1-0

[Event "First Saturday 2009 september IM-A"]
[Site "Budapest"]
[Date "2009.09.07"]
[Round "3"]
[White "Lyell, Mark"]
[Black "Lorand, Norbert"]
[Result "0-1"]
[WhiteElo "2217"]
[BlackElo "2339"]
[PlyCount "72"]
[EventDate "2009.09.05"]

1. e4 c6 2. d4 d5 3. exd5 cxd5 4. c4 Nf6 5. Nc3 e6 6. Nf3 Be7 7. cxd5 Nxd5 8.
Bd3 Nc6 9. O-O O-O 10. Re1 Nf6 11. a3 b6 12. Bf4 Bb7 13. Rc1 Rc8 14. Bb1 Na5
15. Ne5 Nc4 16. Nxc4 Rxc4 17. Be5 g6 18. Ba2 Rc8 19. Qd2 Re8 20. h3 a6 21. Qf4
Nd7 22. Ne4 Rxc1 23. Rxc1 Bxe4 24. Qxe4 Nxe5 25. dxe5 Bc5 26. Qa4 Re7 27. Rd1
Qc7 28. b4 b5 29. Qc2 Ba7 30. Qd2 Bb6 31. Qd6 Re8 32. Bb1 Qa7 33. Qc6 Bxf2+ 34.
Kf1 Rf8 35. Rd2 Bg3 36. Qe4 Rc8 0-1

[Event "First Saturday 2009 september IM-A"]
[Site "Budapest"]
[Date "2009.09.07"]
[Round "3"]
[White "Gruenhagen, Marc"]
[Black "Vegh, Endre"]
[Result "1/2-1/2"]
[WhiteElo "2113"]
[BlackElo "2296"]
[PlyCount "82"]
[EventDate "2009.09.05"]

1. d4 Nf6 2. c4 c5 3. d5 e6 4. Nc3 exd5 5. cxd5 d6 6. Nf3 g6 7. Bf4 a6 8. a4
Bg7 9. h3 O-O 10. e3 Nh5 11. Bh2 f5 12. Be2 f4 13. exf4 Nxf4 14. O-O Qb6 15.
Qd2 Bh6 16. Kh1 Kg7 17. Ne4 Qb3 18. Ra3 Qb4 19. Qxb4 cxb4 20. Re3 Nxd5 21. Rd3
Nf4 22. Bxf4 Bxf4 23. Nxd6 Bxd6 24. Rxd6 Nc6 25. Nd4 Nxd4 26. Rxd4 a5 27. Kh2
Be6 28. Bf3 Rf7 29. Kg3 Rc8 30. Re1 Bb3 31. Bd1 Rc1 32. Bxb3 Rxe1 33. Bxf7 Kxf7
34. Rd7+ Re7 35. Rd5 b6 36. Kf3 Ke6 37. Rb5 Rb7 38. Ke4 Kd6 39. f4 Kc6 40. g4
Rd7 41. f5 gxf5+ 1/2-1/2

[Event "First Saturday 2009 september IM-A"]
[Site "Budapest"]
[Date "2009.09.07"]
[Round "3"]
[White "Lengyel, Bela"]
[Black "Moskovic, David M"]
[Result "1-0"]
[WhiteElo "2251"]
[BlackElo "2307"]
[PlyCount "81"]
[EventDate "2009.09.05"]

1. e4 c5 2. Nf3 d6 3. d4 cxd4 4. Nxd4 Nf6 5. Nc3 a6 6. Be2 e5 7. Nb3 Be7 8. O-O
O-O 9. Be3 Be6 10. f4 exf4 11. Bxf4 Nc6 12. Kh1 d5 13. e5 Nd7 14. Nxd5 Ndxe5
15. c4 a5 16. a3 a4 17. Nd4 Bxd5 18. cxd5 Nxd4 19. Qxd4 Ng6 20. Bg3 Bd6 21.
Bxd6 Qxd6 22. Rad1 Rfe8 23. Bb5 Re5 24. Qf2 f6 25. Rd4 Qc5 26. Rxa4 Qc8 27.
Rxa8 Qxa8 28. Bc4 Qc8 29. b3 Kh8 30. a4 Qc7 31. Qa7 h5 32. a5 Qe7 33. Qb6 Re1
34. d6 Rxf1+ 35. Bxf1 Qe1 36. Kg1 Qd1 37. Qxb7 Qd4+ 38. Kh1 Qxd6 39. a6 Qd1 40.
Qf3 Qa1 41. a7 1-0

[Event "First Saturday 2009 september IM-A"]
[Site "Budapest"]
[Date "2009.09.07"]
[Round "3"]
[White "Nguyen, Thi Mai Hung"]
[Black "Feher, Adam"]
[Result "1-0"]
[WhiteElo "2213"]
[BlackElo "2224"]
[PlyCount "69"]
[EventDate "2009.09.05"]

1. d4 d5 2. c4 e6 3. Nf3 Nf6 4. Bg5 h6 5. Bh4 dxc4 6. Qa4+ c6 7. Qxc4 Be7 8.
Nc3 b5 9. Qb3 Nbd7 10. a3 O-O 11. e3 a6 12. Rd1 Qb6 13. Bd3 c5 14. Bb1 Bb7 15.
O-O Bxf3 16. gxf3 cxd4 17. Rxd4 Ne5 18. Kg2 Qb7 19. Ne4 Nd5 20. Bg3 Ng6 21. Nc3
Nxc3 22. bxc3 Rac8 23. c4 Bf6 24. Re4 Ne7 25. Rd1 Qc6 26. cxb5 Qxb5 27. Rb4 Qh5
28. Rb6 Rc3 29. Qa4 a5 30. Rd3 Rc5 31. Rdb3 Nd5 32. Rb8 Rcc8 33. Rxc8 Rxc8 34.
Rb5 Bd8 35. Rb8 1-0

[Event "First Saturday 2009 september IM-A"]
[Site "Budapest"]
[Date "2009.09.08"]
[Round "4"]
[White "Farago, Sandor"]
[Black "Nguyen, Thi Mai Hung"]
[Result "1-0"]
[WhiteElo "2236"]
[BlackElo "2213"]
[PlyCount "105"]
[EventDate "2009.09.05"]

1. e4 c5 2. Nf3 d6 3. d4 cxd4 4. Nxd4 Nf6 5. Nc3 a6 6. Bc4 e6 7. Bb3 b5 8. a3
Be7 9. Be3 O-O 10. g4 Bb7 11. f3 Nc6 12. g5 Nd7 13. h4 Nc5 14. Ba2 Rc8 15. Qe2
Qa5 16. Nxc6 Bxc6 17. Bd2 Qc7 18. b4 Nd7 19. Bb3 Nb6 20. O-O-O d5 21. exd5 Nxd5
22. Ne4 a5 23. Nc5 axb4 24. axb4 Qa7 25. Kb2 Bxc5 26. bxc5 Qxc5 27. Qe5 b4 28.
h5 Rfe8 29. h6 Qf8 30. Rdg1 g6 31. Rh4 Rb8 32. Rc4 Rb6 33. f4 Reb8 34. Be1 Bd7
35. Bf2 Rb5 36. Bd4 f6 37. gxf6 Qf7 38. Rc5 Rxc5 39. Qxb8+ Rc8 40. Qe5 Re8 41.
f5 Bc6 42. fxe6 Rxe6 43. Bxd5 Bxd5 44. Qxd5 b3 45. Ra1 Re8 46. Qxf7+ Kxf7 47.
Ra7+ Ke6 48. cxb3 g5 49. Rxh7 Kd5 50. Rd7+ Kc6 51. Re7 Rg8 52. h7 Kd6 53. Rg7
1-0

[Event "First Saturday 2009 september IM-A"]
[Site "Budapest"]
[Date "2009.09.08"]
[Round "4"]
[White "Moskovic, David M"]
[Black "Stoenescu, Radu"]
[Result "1-0"]
[WhiteElo "2307"]
[BlackElo "2175"]
[PlyCount "56"]
[EventDate "2009.09.05"]

1. d4 d5 2. c4 e6 3. Nc3 Bb4 4. Qa4+ Nc6 5. e3 Nf6 6. Bd2 O-O 7. Nf3 Re8 8.
cxd5 exd5 9. Bb5 Bd7 10. O-O Bd6 11. a3 a6 12. Be2 Ne4 13. Qd1 Be6 14. b4 Qf6
15. Na4 Qh6 16. Nc5 Bg4 17. g3 Qh5 18. Re1 b6 19. Nd3 Re6 20. Nh4 Bxe2 21. Qxe2
Qxe2 22. Rxe2 Ng5 23. Bc3 Ne7 24. f3 Re8 25. Kf2 f5 26. Rae1 g6 27. Nf4 Bxf4
28. exf4 Nf7 1-0

[Event "First Saturday 2009 september IM-A"]
[Site "Budapest"]
[Date "2009.09.08"]
[Round "4"]
[White "Vegh, Endre"]
[Black "Lengyel, Bela"]
[Result "1/2-1/2"]
[WhiteElo "2296"]
[BlackElo "2251"]
[PlyCount "51"]
[EventDate "2009.09.05"]

1. d4 d5 2. c4 e6 3. Nc3 Nf6 4. cxd5 exd5 5. Bg5 Be7 6. e3 c6 7. Bd3 Nbd7 8.
Qc2 O-O 9. Nf3 Re8 10. h3 Nf8 11. Bf4 Be6 12. O-O Rc8 13. Rad1 c5 14. dxc5 Bxc5
15. Bf5 Qa5 16. Bxe6 fxe6 17. Qa4 Qxa4 18. Nxa4 Be7 19. Rc1 Ng6 20. Bc7 Bd8 21.
Bxd8 Rexd8 22. Rc5 b6 23. Rc3 Rxc3 24. Nxc3 Rc8 25. Rd1 Kf7 26. Kf1 1/2-1/2

[Event "First Saturday 2009 september IM-A"]
[Site "Budapest"]
[Date "2009.09.08"]
[Round "4"]
[White "Erdei, Andras"]
[Black "Lyell, Mark"]
[Result "0-1"]
[WhiteElo "2132"]
[BlackElo "2217"]
[PlyCount "64"]
[EventDate "2009.09.05"]

1. e4 e5 2. Nf3 Nc6 3. Bc4 Nf6 4. d3 Be7 5. O-O O-O 6. Re1 d6 7. c3 Bg4 8. h3
Be6 9. Bxe6 fxe6 10. Qb3 Qd7 11. Qxb7 Rab8 12. Qa6 Nh5 13. Nh2 Nf4 14. Bxf4
exf4 15. b4 f3 16. d4 fxg2 17. Re3 Bg5 18. Rg3 Bf4 19. Rxg2 e5 20. d5 Ne7 21.
Qd3 Ng6 22. Na3 Nh4 23. Rg4 Bxh2+ 24. Kxh2 Rxf2+ 25. Kg1 Rf3 26. Qe2 Rxh3 27.
Rf1 Re3 28. Qd1 Rd3 29. Qxd3 Qxg4+ 30. Kf2 Rf8+ 31. Ke1 Nf3+ 32. Kd1 Nh2+ 0-1

[Event "First Saturday 2009 september IM-A"]
[Site "Budapest"]
[Date "2009.09.09"]
[Round "5"]
[White "Lengyel, Bela"]
[Black "Lorand, Norbert"]
[Result "1/2-1/2"]
[WhiteElo "2251"]
[BlackElo "2339"]
[PlyCount "36"]
[EventDate "2009.09.05"]

1. e4 c5 2. Nf3 d6 3. d4 cxd4 4. Nxd4 Nf6 5. Nc3 a6 6. Be2 e5 7. Nb3 Be7 8. O-O
O-O 9. Kh1 Be6 10. f4 exf4 11. Bxf4 Nc6 12. Nd4 Qd7 13. Nxe6 Qxe6 14. Bd3 Ne5
15. Qd2 Rac8 16. Rae1 Nfd7 17. Nd5 Bf6 18. b3 Rfe8 1/2-1/2

[Event "First Saturday 2009 september IM-A"]
[Site "Budapest"]
[Date "2009.09.09"]
[Round "5"]
[White "Stoenescu, Radu"]
[Black "Vegh, Endre"]
[Result "1-0"]
[WhiteElo "2175"]
[BlackElo "2296"]
[PlyCount "63"]
[EventDate "2009.09.05"]

1. e4 c5 2. Nf3 d6 3. d4 cxd4 4. Nxd4 Nf6 5. Nc3 a6 6. Bc4 e6 7. Bb3 b5 8. Qf3
Bb7 9. a3 Nbd7 10. Bg5 Rc8 11. O-O h6 12. Bh4 Qb6 13. Rad1 Ne5 14. Qe3 g5 15.
Bg3 Rxc3 16. bxc3 Nxe4 17. Bxe5 dxe5 18. Nxe6 Qxe3 19. Nc7+ Ke7 20. fxe3 f6 21.
c4 bxc4 22. Bxc4 Bg7 23. Nd5+ Bxd5 24. Rxd5 Nd6 25. Bb3 Rc8 26. Rfd1 Rc6 27. c4
f5 28. c5 Ne4 29. Rd7+ Kf6 30. Bd5 Rxc5 31. Bxe4 fxe4 32. R1d6+ 1-0

[Event "First Saturday 2009 september IM-A"]
[Site "Budapest"]
[Date "2009.09.09"]
[Round "5"]
[White "Nguyen, Thi Mai Hung"]
[Black "Moskovic, David M"]
[Result "0-1"]
[WhiteElo "2213"]
[BlackElo "2307"]
[PlyCount "94"]
[EventDate "2009.09.05"]

1. d4 Nf6 2. c4 g6 3. Nc3 Bg7 4. e4 d6 5. Be2 O-O 6. Bg5 a6 7. a4 a5 8. Qd2 Na6
9. f3 e5 10. d5 Nc5 11. Qc2 h6 12. Be3 Nh5 13. g4 Nf4 14. O-O-O Bf6 15. Kb1 Bd7
16. Bf1 Bg5 17. Bf2 Bh4 18. Be3 f5 19. exf5 gxf5 20. h3 Qf6 21. Ka2 Na6 22. Ka1
Nb4 23. Qd2 Rae8 24. Nge2 Kh7 25. Nc1 c6 26. N1a2 Bg5 27. Rh2 c5 28. Nc1 Ng6
29. Bxg5 hxg5 30. gxf5 Bxf5 31. Rg2 Nf4 32. Rg3 Re7 33. Be2 Nc2+ 34. Ka2 Nb4+
35. Ka1 Qh6 36. Rh1 Qh4 37. Ne4 Bxe4 38. Rg4 Qf2 39. fxe4 Qd4 40. Qd1 Nxe2 41.
Nxe2 Qxd1+ 42. Rxd1 Nc2+ 43. Ka2 Ne3 44. Rdg1 Nxg4 45. Rxg4 Rf4 46. Nxf4 gxf4
47. Kb3 Rg7 0-1

[Event "First Saturday 2009 september IM-A"]
[Site "Budapest"]
[Date "2009.09.09"]
[Round "5"]
[White "Turzo, Attila"]
[Black "Farago, Sandor"]
[Result "1/2-1/2"]
[WhiteElo "2314"]
[BlackElo "2236"]
[PlyCount "103"]
[EventDate "2009.09.05"]

1. d4 d5 2. Bg5 g6 3. c4 c6 4. cxd5 cxd5 5. Nc3 Nc6 6. e3 Qa5 7. Qb3 e6 8. Nf3
Bg7 9. Be2 f6 10. Bh4 Nge7 11. O-O Nf5 12. Rac1 O-O 13. Na4 g5 14. Bg3 g4 15.
Rc5 gxf3 16. Rxa5 Nxa5 17. Qd3 fxe2 18. Qxe2 Nxg3 19. hxg3 Nc6 20. Qb5 Rf7 21.
Rc1 Rc7 22. Nc5 Bd7 23. Nxd7 Rxd7 24. Rxc6 bxc6 25. Qxc6 Rad8 26. Qxe6+ Kf8 27.
g4 Rd6 28. Qf5 Kg8 29. Qc2 Bf8 30. Qc7 R8d7 31. Qc8 Kf7 32. g3 Ke7 33. Kg2 Rb6
34. Qc2 Kd8 35. b3 a5 36. Qc3 Bb4 37. Qc2 Rc7 38. Qf5 Rd6 39. Qb1 Kc8 40. Qf5+
Kb8 41. Qd3 Ka7 42. Qf5 Kb6 43. Qb1 Rg7 44. Qf5 Kc7 45. Qd3 Kb6 46. Qf5 Rc7 47.
Qb1 Rcd7 48. Qf5 Kc7 49. Qf4 Kd8 50. Qf5 Rc6 51. Kf3 Rcd6 52. Kg2 {
after 13 move} 1/2-1/2

[Event "First Saturday 2009 september IM-A"]
[Site "Budapest"]
[Date "2009.09.10"]
[Round "6"]
[White "Farago, Sandor"]
[Black "Dencsi, Tibor"]
[Result "0-1"]
[WhiteElo "2236"]
[BlackElo "2338"]
[PlyCount "96"]
[EventDate "2009.09.05"]

1. e4 d5 2. exd5 Qxd5 3. Nc3 Qa5 4. Bc4 Nf6 5. Nge2 c6 6. d4 Bf5 7. Bf4 e6 8.
a3 Be7 9. b4 Qd8 10. Ng3 Bg6 11. h4 h6 12. h5 Bh7 13. Qd2 Nbd7 14. Bb3 Nd5 15.
Nce4 Nxf4 16. Qxf4 a5 17. bxa5 Qxa5+ 18. Kf1 O-O 19. a4 b5 20. Ne2 Nb6 21. Nc5
bxa4 22. Qe3 Qb5 23. Ba2 Bxc2 24. Kg1 Bxc5 25. dxc5 Nd5 26. Qd2 Bh7 27. Rc1 a3
28. Kh2 Qb2 29. Rhd1 Rfb8 30. Nd4 Qxd2 31. Rxd2 Rb2 32. Nb3 Rb8 33. Ra1 Nc3 34.
Rd7 Rxa2 35. Rxa2 Nxa2 36. Ra7 Be4 37. Nd2 Bd5 38. Rxa3 Rb2 39. Nf1 Rxf2 40.
Ne3 Re2 41. Kg3 Nb4 42. Kf4 Nc2 43. Ra8+ Kh7 44. Ng4 e5+ 45. Kg3 Rxg2+ 46. Kh4
Nd4 47. Nxe5 Nf3+ 48. Kh3 Nxe5 0-1

[Event "First Saturday 2009 september IM-A"]
[Site "Budapest"]
[Date "2009.09.10"]
[Round "6"]
[White "Moskovic, David M"]
[Black "Turzo, Attila"]
[Result "1/2-1/2"]
[WhiteElo "2307"]
[BlackElo "2314"]
[PlyCount "64"]
[EventDate "2009.09.05"]

1. d4 d5 2. c4 c6 3. Nf3 Nf6 4. e3 Bf5 5. Nc3 e6 6. Nh4 Bg6 7. Qb3 Qb6 8. Nxg6
hxg6 9. Bd2 Nbd7 10. cxd5 exd5 11. Be2 Bd6 12. h3 Ne4 13. Nxe4 dxe4 14. Bc4
Qxb3 15. Bxb3 Nf6 16. Bc2 O-O 17. Ke2 Rfe8 18. g4 Nd5 19. Rag1 f5 20. gxf5 gxf5
21. Rg5 Rf8 22. Rhg1 Rf7 23. f3 exf3+ 24. Kxf3 Raf8 25. Ke2 Be7 26. R5g2 Bh4
27. Rg6 Ne7 28. Rh6 Bf6 29. Bb4 Re8 30. Bxe7 Rexe7 31. Bb3 Bxd4 32. Re6 Kf8
1/2-1/2

[Event "First Saturday 2009 september IM-A"]
[Site "Budapest"]
[Date "2009.09.10"]
[Round "6"]
[White "Vegh, Endre"]
[Black "Nguyen, Thi Mai Hung"]
[Result "1-0"]
[WhiteElo "2296"]
[BlackElo "2213"]
[PlyCount "171"]
[EventDate "2009.09.05"]

1. d4 d5 2. c4 c6 3. Nf3 Nf6 4. cxd5 cxd5 5. Nc3 Nc6 6. Bf4 Bf5 7. e3 e6 8. Qb3
Qb6 9. Bb5 Be7 10. Ne5 Rc8 11. O-O O-O 12. Bxc6 bxc6 13. Qxb6 axb6 14. Na4 b5
15. Nb6 Rc7 16. Ng6 Rb7 17. Nxe7+ Rxe7 18. Rfc1 Ra7 19. Rxc6 h6 20. Nc8 Rd7 21.
Nd6 Bg6 22. Rac1 b4 23. Nc8 Rb7 24. Rb6 Rxb6 25. Nxb6 Re8 26. Bd6 b3 27. axb3
Ne4 28. Bf4 f6 29. Bc7 Re7 30. b4 Nd2 31. Bd6 Rb7 32. Bc5 Be8 33. Nc8 Nb3 34.
Nd6 Rb8 35. Rc3 Ba4 36. h3 Nd2 37. Ra3 Bc6 38. Ra6 Bd7 39. Ra7 Bc6 40. Ra6 Bd7
41. Ra7 Bc6 42. Rc7 Ba4 43. Re7 Nb3 44. g4 Kf8 45. Ra7 Bc6 46. b5 Bxb5 47.
Nxb5+ Nxc5 48. Nc7 Ne4 49. Nxe6+ Kg8 50. Nxg7 Rxb2 51. Nf5 Nxf2 52. Nxh6+ Kh8
53. h4 Ne4 54. Rd7 Rb1+ 55. Kg2 Rb2+ 56. Kf1 Rb1+ 57. Ke2 Rh1 58. g5 Rxh4 59.
Nf7+ Kg7 60. Nd6+ Kg6 61. Nxe4 dxe4 62. gxf6 Rh2+ 63. Kf1 Kxf6 64. Rd5 Rh3 65.
Kf2 Rf3+ 66. Ke2 Rg3 67. Re5 Rg4 68. Kd2 Kg6 69. Kc3 Kf6 70. Kc4 Kf7 71. Kd5
Rg1 72. Kxe4 Ra1 73. Rb5 Ke7 74. Kd5 Ra7 75. e4 Rd7+ 76. Ke5 Ra7 77. d5 Rd7 78.
Kf5 Kd6 79. e5+ Ke7 80. d6+ Kf8 81. Rb8+ Kg7 82. Ke6 Ra7 83. d7 Ra6+ 84. Ke7
Ra7 85. Ke8 Ra5 86. d8=Q 1-0

[Event "First Saturday 2009 september IM-A"]
[Site "Budapest"]
[Date "2009.09.10"]
[Round "6"]
[White "Erdei, Andras"]
[Black "Lengyel, Bela"]
[Result "1-0"]
[WhiteElo "2132"]
[BlackElo "2251"]
[PlyCount "63"]
[EventDate "2009.09.05"]

1. e4 e5 2. Nf3 Nc6 3. Bc4 Nf6 4. d3 Bc5 5. c3 a6 6. O-O d6 7. a4 Ba7 8. Nbd2
Ne7 9. Re1 Ng6 10. d4 O-O 11. Nf1 h6 12. Ng3 c6 13. h3 Qc7 14. Bb3 Re8 15. Be3
Be6 16. Qc2 Bxb3 17. Qxb3 exd4 18. Bxd4 Ne5 19. Nh4 c5 20. Bxe5 c4 21. Qc2 dxe5
22. Nhf5 b5 23. Qe2 Bc5 24. Qf3 Qb6 25. Re2 Rad8 26. Nh5 Nxh5 27. Qxh5 Rd3 28.
Qg4 Qf6 29. axb5 axb5 30. Ra6 Re6 31. Rxe6 fxe6 32. Ng3 {Time} 1-0

[Event "First Saturday 2009 september IM-A"]
[Site "Budapest"]
[Date "2009.09.11"]
[Round "7"]
[White "Lengyel, Bela"]
[Black "Lyell, Mark"]
[Result "1/2-1/2"]
[WhiteElo "2251"]
[BlackElo "2217"]
[PlyCount "90"]
[EventDate "2009.09.05"]

1. e4 e5 2. Bc4 Nf6 3. d3 Nc6 4. Nf3 Be7 5. O-O O-O 6. Re1 d6 7. c3 Bg4 8. Nbd2
Nd7 9. h3 Be6 10. d4 Bxc4 11. Nxc4 Bf6 12. Ne3 Re8 13. d5 Ne7 14. c4 Ng6 15. g3
Bg5 16. Nxg5 Qxg5 17. Nf5 Qf6 18. h4 h6 19. Qg4 Kh7 20. Kg2 Ndf8 21. Rh1 Ne7
22. Nxe7 Rxe7 23. h5 c6 24. Be3 Rc7 25. a4 Qe7 26. a5 cxd5 27. exd5 Qd7 28. Qe2
Qf5 29. Rh4 Nd7 30. b3 Nc5 31. Bxc5 Rxc5 32. Qe4 Qxe4+ 33. Rxe4 f5 34. Re3 Rf8
35. f4 e4 36. g4 g6 37. Kg3 a6 38. hxg6+ Kxg6 39. Rh1 Rxa5 40. gxf5+ Kxf5 41.
Rh5+ Kg6 42. Kg4 Ra1 43. f5+ Kg7 44. Rxe4 Rg1+ 45. Kf4 Rf1+ {after 30 move}
1/2-1/2

[Event "First Saturday 2009 september IM-A"]
[Site "Budapest"]
[Date "2009.09.11"]
[Round "7"]
[White "Stoenescu, Radu"]
[Black "Erdei, Andras"]
[Result "1/2-1/2"]
[WhiteElo "2175"]
[BlackElo "2132"]
[PlyCount "131"]
[EventDate "2009.09.05"]

1. e4 c5 2. Nf3 Nc6 3. d4 cxd4 4. Nxd4 Nf6 5. Nc3 e6 6. Ndb5 Bb4 7. a3 Bxc3+ 8.
Nxc3 d5 9. exd5 exd5 10. Bd3 O-O 11. O-O Bg4 12. Qd2 Re8 13. Qf4 Ne5 14. Bb5
Re6 15. Be3 Nh5 16. Qd4 Bf3 17. Kh1 Qf6 18. Rg1 a6 19. Bf1 Be4 20. Nxe4 dxe4
21. Qxe4 Nc6 22. Qf3 Qxb2 23. Bd3 Nf6 24. Bf5 Rd6 25. Rab1 Qxa3 26. Rxb7 Nd4
27. Bxd4 Qxf3 28. gxf3 Rxd4 29. Bd3 a5 30. Ra1 g6 31. Kg2 a4 32. Ra3 Nd7 33.
Bb5 Nc5 34. Rc7 Ne6 35. Rd7 Rb4 36. c4 Kg7 37. Kg3 Kf6 38. Bc6 Ra6 39. Bb5 Ra8
40. Bc6 Ra5 41. Bb5 g5 42. Rd1 Nc7 43. Rda1 Nxb5 44. cxb5 Ke5 45. b6 Kd6 46. b7
Kc7 47. Re3 Kxb7 48. Re7+ Ka6 49. Rxf7 h5 50. f4 Rb3+ 51. f3 g4 52. f5 Rxf3+
53. Kh4 Rh3+ 54. Kg5 Rxh2 55. Kg6 a3 56. Rh7 a2 57. f6 g3 58. f7 Rf2 59. Rh8
Raf5 60. f8=Q Rxf8 61. Rxf8 Rxf8 62. Rxa2+ Kb5 63. Kxh5 Rf2 64. Ra3 g2 65. Rg3
Kc4 66. Kg4 1/2-1/2